000 00327nam a22001337a 4500
008 170926b xxu||||| |||| 00| 0 eng d
020 _a9781402064937
041 _aeng
080 _a37
100 _a46
101 _aEDU
245 _aMODEL BASED LEARNING AND INSTRUCTION IN SCIENCE
_cCLEMENT.J.J
942 _2udc
_cBK
999 _c29918
_d29918